[Event "13th EICC"]
[Site "Plovdiv BUL"]
[Date "2012.03.24"]
[Round "5.35"]
[White "Swiercz,D"]
[Black "Potkin,V"]
[Result "1/2-1/2"]
[WhiteElo "2565"]
[BlackElo "2669"]

1.e4 c5 2.Nf3 e6 3.d4 cxd4 4.Nxd4 Nc6 5.Nc3 Qc7 6.Be2 Nf6 7.O-O Be7 8.Be3 O-O
9.f4 d6 10.Ndb5 Qb8 11.Qe1 a6 12.Nd4 Bd7 13.Rd1 b5 14.a3 Nxd4 15.Bxd4 Bc6
16.Bf3 e5 17.Be3 a5 18.Nd5 Bxd5 19.exd5 e4 20.Be2 Rc8 21.c3 Qb7 22.Qd2 Bd8
23.g4 Nd7 24.g5 Bb6 25.Bg4 Rc4 26.Be2 Qa7 27.Kf2 Nc5 28.Bxc4 bxc4 29.Bxc5 Bxc5+
30.Kg3 e3 31.Qg2 Qe7 32.Rde1 Rf8 33.Re2 f6 34.h4 g6 35.Qf3 fxg5 36.hxg5 Rf5
37.Rfe1 Qf7 38.Rxe3 Bxe3 39.Rxe3 Qxd5 40.Re8+ Kf7 41.Qe3 Qd3 42.Re7+ Kg8
43.Re8+ Kf7 44.Re7+  1/2-1/2

[Event "13th EICC"]
[Site "Plovdiv BUL"]
[Date "2012.03.24"]
[Round "5.60"]
[White "Popov,Iv RUS"]
[Black "Djukic,Ni"]
[Result "1-0"]
[WhiteElo "2605"]
[BlackElo "2513"]

1.e4 c5 2.Nf3 Nc6 3.Nc3 e6 4.d4 cxd4 5.Nxd4 Qc7 6.Be3 a6 7.Be2 Nf6 8.O-O Be7
9.f4 d6 10.a4 O-O 11.Kh1 Re8 12.Bf3 Rb8 13.g4 Nxd4 14.Bxd4 e5 15.fxe5 dxe5
16.Ba7 Ra8 17.g5 Rd8 18.Qe2 Ne8 19.Be3 Be6 20.Qf2 Rdc8 21.Qg3 Bc5 22.Bxc5 Qxc5
23.Bg4 Qb6 24.a5 Qc6 25.Rf3 Bxg4 26.Qxg4 Qe6 27.Qxe6 fxe6 28.Rd1 Rab8 29.Na4 Rxc2
30.Nb6 g6 31.Rc3 Re2 32.Nd7 Rd8 33.Nb6 Rb8 34.Nc8 Rf2 35.Rd8 Kf8 36.Rc7 Rd2
37.Rxd2 Nxc7 38.Rd8+ Ne8 39.b4  1-0

[Event "13th EICC"]
[Site "Plovdiv BUL"]
[Date "2012.03.25"]
[Round "6.80"]
[White "Smirin,I"]
[Black "Soffer,R"]
[Result "1-0"]
[WhiteElo "2657"]
[BlackElo "2492"]

1.e4 c5 2.Nf3 e6 3.d4 cxd4 4.Nxd4 Nc6 5.Nc3 Qc7 6.f4 a6 7.Nxc6 Qxc6 8.Bd3 b5
9.Qe2 Bb7 10.Bd2 Bc5 11.O-O-O Ne7 12.a3 O-O 13.Rhf1 f5 14.g4 Rae8 15.Kb1 d5
16.gxf5 exf5 17.e5 d4 18.Na2 Nd5 19.Rg1 Ne3 20.Bxe3 dxe3 21.Rg3 Qh6 22.Rf1 Rc8
23.Nc3 Bxa3 24.Nd1 Bc5 25.Nxe3 Bxe3 26.Qxe3 Qe6 27.Rfg1 Rc7 28.Rg5 Bc8 29.h4 Qc6
30.h5 Be6 31.Qg3 Rff7 32.h6 Qd5 33.b3 Qd4 34.Rd1 Rfd7 35.Be2 Qc5 36.Rxg7+ Kf8
37.Rgxd7 Qxc2+ 38.Ka1 Rxd7 39.Rxd7 Qc1+ 40.Ka2 Qc2+ 41.Ka3 Qc5+ 42.Kb2 Bxd7
43.Qg7+ Ke8 44.Qh8+ Qf8 45.Bh5+ Ke7 46.Qxf8+ Kxf8 47.b4 Be8 48.Bxe8 Kxe8
49.Kc3 Kd7 50.Kd4 Kc6 51.e6 Kd6 52.e7 Kxe7 53.Ke5 Kf8 54.Kxf5 Kf7 55.Ke5 Kg6
56.Ke6 Kxh6 57.f5  1-0

[Event "13th EICC"]
[Site "Plovdiv BUL"]
[Date "2012.03.25"]
[Round "6.35"]
[White "Istratescu,A"]
[Black "Jankovic,A"]
[Result "1-0"]
[WhiteElo "2633"]
[BlackElo "2553"]

1.e4 c5 2.Nf3 e6 3.d4 cxd4 4.Nxd4 Nc6 5.Nc3 Qc7 6.Be3 a6 7.Qd2 Nf6 8.f3 Be7
9.g4 b5 10.g5 Nh5 11.O-O-O Ne5 12.Kb1 b4 13.Na4 Rb8 14.b3 O-O 15.Bh3 Ng6
16.Ne2 e5 17.Bg4 Ngf4 18.Ng3 g6 19.Bxh5 Nxh5 20.Nxh5 gxh5 21.Rhg1 d6 22.Qf2 Be6
23.Nb6 a5 24.f4 exf4 25.Bd4 a4 26.Nd5 Bxd5 27.exd5 axb3 28.axb3 Rfc8 29.Rd2 Qa5
30.Qxf4 Qxd5 31.Re1 Rc7 32.Bf6 Qb7 33.Rde2 Bf8 34.Bd4 f6 35.gxf6 Rf7 36.Qg5+  1-0

[Event "ch-Urals Men 2012"]
[Site "Satka RUS"]
[Date "2012.03.25"]
[Round "2"]
[White "Matsenko,S"]
[Black "Kotlyar,K"]
[Result "1/2-1/2"]
[WhiteElo "2468"]
[BlackElo "2246"]

1.e4 c5 2.Nf3 Nc6 3.d4 cxd4 4.Nxd4 e6 5.Nc3 Bc5 6.Nb3 Be7 7.Be2 d6 8.O-O Nf6
9.Be3 O-O 10.f4 a6 11.Bf3 Qc7 12.a4 b6 13.Qe2 Bb7 14.Rad1 Rfe8 15.g4 Bf8
16.g5 Nd7 17.Bg2 g6 18.h4 Na5 19.Nxa5 bxa5 20.h5 Rab8 21.Rd2 Ba8 22.Nd1 Nc5
23.Nf2 Rb4 24.Bd4 e5 25.Bc3 exf4 26.Ng4 Bg7 27.Bxb4 axb4 28.Rxf4 Ne6 29.Nf6+ Bxf6
30.Rxf6 Nxg5 31.Rfxd6 Nxe4 32.R6d4 Qc5 33.h6 Qg5 34.Rd1 Bc6 35.Qf3 Ng3 36.Qxc6 Ne2+
37.Kf1 Ng3+ 38.Kg1 Ne2+ 39.Kf1 Ng3+ 40.Kg1 Ne2+ 41.Kf1 Ng3+ 42.Kg1 Ne2+  1/2-1/2

[Event "TCh-HUN 2011-12"]
[Site "Zalaegerszeg HUN"]
[Date "2012.03.25"]
[Round "8"]
[White "Mihok,O"]
[Black "Horvath,Ad1"]
[Result "1-0"]
[WhiteElo "2445"]
[BlackElo "2473"]

1.e4 c5 2.Nf3 e6 3.d4 cxd4 4.Nxd4 Nc6 5.Nc3 Qc7 6.Be2 Nf6 7.Be3 Be7 8.f4 d6
9.g4 a6 10.g5 Nd7 11.Bf3 Na5 12.Qe2 Nb6 13.Qf2 Nac4 14.Bc1 g6 15.b3 Na3 16.O-O d5
17.Bb2 Qxf4 18.exd5 e5 19.Ne4 Bxg5 20.Ne2 Qe3 21.Bxa3  1-0

[Event "1st Lanta Open 2012"]
[Site "Koh Lanta Island THA"]
[Date "2012.03.26"]
[Round "5"]
[White "Benes,Karel"]
[Black "Jina,L"]
[Result "1/2-1/2"]
[WhiteElo "1619"]
[BlackElo "1789"]

1.e4 c5 2.Nf3 Nc6 3.d4 cxd4 4.Nxd4 e6 5.Nc3 Nf6 6.f3 Be7 7.Be3 a6 8.Qd2 b5
9.O-O-O O-O 10.g4 Qc7 11.Kb1 Bb7 12.h4 d6 13.h5 Ne5 14.g5 Nfd7 15.g6 Nc4
16.Bxc4 Qxc4 17.h6 fxg6 18.hxg7 Rf7 19.b3 Qc8 20.Rdg1 Nf6 21.Rxg6 hxg6 22.Rh8+ Kxg7
23.Rxc8 Bxc8 24.Nc6 Bf8 25.Qg2 Bd7 26.Nd4 Kh7 27.Qh3+ Kg8 28.Qg3 Kh7  1/2-1/2

[Event "28th Budapest Spring Festival"]
[Site "Budapest HUN"]
[Date "2012.03.27"]
[Round "2.17"]
[White "Kahn,E"]
[Black "Albu,F"]
[Result "1-0"]
[WhiteElo "2265"]
[BlackElo "1794"]

1.e4 c5 2.Nf3 e6 3.d4 cxd4 4.Nxd4 Nc6 5.Nc3 Nf6 6.Nxc6 bxc6 7.e5 Nd5 8.Nxd5 cxd5
9.Bd3 Be7 10.Qg4 Kf8 11.O-O f5 12.exf6 Bxf6 13.c4 Ba6 14.Qe2 dxc4 15.Bxc4 Bxc4
16.Qxc4 Rc8 17.Qa4 Rc7 18.Be3 Kf7 19.Rad1 Qe7 20.Bd4 Bxd4 21.Rxd4 Rhc8 22.Rfd1 d5
23.R4d2 Rc4 24.Qb5 Qc5 25.Qb3 Rc1 26.h3 Rxd1+ 27.Rxd1 Qc2 28.Qf3+ Ke7 29.Re1 d4
30.Qg4 Qg6 31.Qxd4 Rc2 32.Rd1 Qf7 33.Qd8+  1-0

[Event "ch-SRB Women 2012"]
[Site "Kac SRB"]
[Date "2012.03.27"]
[Round "6"]
[White "Eric,J"]
[Black "Djukic,Sa"]
[Result "1/2-1/2"]
[WhiteElo "2243"]
[BlackElo "2203"]

1.e4 c5 2.Nf3 Nc6 3.Nc3 e6 4.d4 cxd4 5.Nxd4 Qc7 6.Be2 a6 7.Be3 Nf6 8.a3 b5
9.Nxc6 dxc6 10.f4 Bb7 11.O-O c5 12.e5 Rd8 13.Qe1 Nd7 14.Bf3 Be7 15.Ne4 Bxe4
16.Bxe4 c4 17.Rd1 g6 18.Kh1 O-O 19.Qg3 Nc5 20.Bf3 Rxd1 21.Rxd1 Rd8 22.Rf1 Na4
23.Bc1 c3 24.bxc3 Qxc3 25.Be4 Qxg3 26.hxg3 Nc3 27.Bd3 Bc5 28.Kh2 h5 29.Bb2 Nd5
30.Bc1 Nb6 31.g4 hxg4 32.Kg3 Rd4 33.Bb2 Ra4 34.Ra1 Nc4 35.Bxc4 Rxc4 36.c3 Be3
37.Rf1 Bd2 38.Kxg4 Bxc3 39.Bxc3 Rxc3 40.Ra1 Kg7 41.Ra2 Rc4 42.Rd2 Rc3 43.Ra2 Kh6
44.Ra1 g5 45.g3 Kg6 46.Ra2 Rc1 47.Rd2 gxf4 48.gxf4 Rg1+ 49.Kf3 Ra1 50.Rd3 Kf5
51.Ke3 Rh1 52.Rd7 Rh3+ 53.Kd4 Kg6 54.f5+ Kxf5 55.Rxf7+ Kg5 56.Rg7+ Kf5 57.Rf7+ Kg5
58.Rg7+ Kf5 59.Rf7+ Kg5 60.Rg7+  1/2-1/2

[Event "13th EICC"]
[Site "Plovdiv BUL"]
[Date "2012.03.27"]
[Round "7.42"]
[White "Popilski,G"]
[Black "Efimenko,Z"]
[Result "0-1"]
[WhiteElo "2389"]
[BlackElo "2695"]

1.e4 c5 2.Nf3 e6 3.d4 cxd4 4.Nxd4 Nc6 5.Nc3 d6 6.g3 Nf6 7.Bg2 Bd7 8.Nb3 Be7
9.O-O O-O 10.a4 a6 11.f4 Na5 12.Nxa5 Qxa5 13.Be3 Bc6 14.Qd2 Kh8 15.b4 Qxb4
16.Rab1 Qa5 17.Bb6 Qh5 18.Bf3 Qh3 19.Bg2 Qh6 20.h3 Qg6 21.Qe1 Nd7 22.f5 Qf6
23.fxe6 Qxe6 24.Be3 Rae8 25.Nd5 Bd8 26.Bd4 Ne5 27.Qc3 Qd7 28.a5 Bb5 29.Rf5 f6  0-1

[Event "13th EICC"]
[Site "Plovdiv BUL"]
[Date "2012.03.28"]
[Round "8.166"]
[White "Safronov,Kirill"]
[Black "Balokas,D2"]
[Result "1/2-1/2"]
[WhiteElo "2017"]
[BlackElo "2080"]

1.e4 c5 2.Nf3 e6 3.d4 cxd4 4.Nxd4 Nc6 5.Nc3 a6 6.Be2 Qc7 7.Be3 Nf6 8.a3 b5
9.Nxc6 dxc6 10.Qd2 Bb7 11.Bf4 e5 12.Bg5 Be7 13.Qe3 O-O 14.O-O h6 15.Bh4 Rfd8
16.Rfd1 Nh7 17.Bxe7 Qxe7 18.b4 Ng5 19.Bg4 Bc8 20.Rxd8+ Qxd8 21.Rd1 Qc7 22.Bxc8 Rxc8
23.h4 Ne6 24.Ne2 c5 25.c3 a5 26.Rd5 cxb4 27.cxb4 axb4 28.axb4 Qc4 29.Rxe5 Qxb4
30.Kh2 Qb2 31.Rf5 b4 32.Qa7 Rc7 33.Qb8+ Kh7 34.Nf4 Qxf2 35.Ng6 Qe2 36.Nf8+ Nxf8
37.Qxc7 Qxe4 38.Rf4 Ne6 39.Rxe4 Nxc7 40.Rxb4 Ne6  1/2-1/2

[Event "13th EICC"]
[Site "Plovdiv BUL"]
[Date "2012.03.28"]
[Round "8.91"]
[White "Firat,B"]
[Black "Ter Sahakyan,S"]
[Result "1/2-1/2"]
[WhiteElo "2405"]
[BlackElo "2578"]

1.e4 c5 2.Nf3 Nc6 3.d4 cxd4 4.Nxd4 e6 5.Nc3 d6 6.Be3 Nf6 7.Qd2 Be7 8.f3 O-O
9.O-O-O a6 10.g4 Nd7 11.h4 Nde5 12.Be2 Na5 13.b3 b5 14.f4 Nec6 15.Nxc6 Nxc6
16.g5 Qa5 17.Kb1 Bd7 18.Qe1 Rfc8 19.Bc1 b4 20.Na4 Na7 21.Nb2 Nb5 22.Na4 Qc7
23.Bc4 Na3+ 24.Bxa3 bxa3 25.Nc3 Rab8 26.Ka1 Bb5 27.Nxb5 axb5 28.Bd3 d5 29.exd5 exd5
30.Qd2 Bd6 31.Rhf1 g6 32.Kb1 Re8 33.Rf3 Qc5 34.h5 Rbc8 35.hxg6 hxg6 36.Bf1 Re4
37.c3 d4 38.c4 Rc7 39.Bd3 Re3 40.Rf2 bxc4 41.Bxc4 d3 42.Qc3 Qf5 43.Qf6 Re1
44.Rd2 Rxd1+ 45.Rxd1 Qxf6 46.gxf6 Bxf4 47.Rxd3 Be5 48.Rd8+ Kh7 49.Rf8 Bxf6
50.Rxf7+ Rxf7  1/2-1/2

[Event "13th EICC"]
[Site "Plovdiv BUL"]
[Date "2012.03.29"]
[Round "9.45"]
[White "Alekseenko,K"]
[Black "Potkin,V"]
[Result "1/2-1/2"]
[WhiteElo "2367"]
[BlackElo "2669"]

1.e4 c5 2.Nf3 e6 3.d4 cxd4 4.Nxd4 Nc6 5.Nc3 a6 6.Be2 d6 7.O-O Nf6 8.Be3 Be7
9.f4 Bd7 10.a4 Nxd4 11.Qxd4 Bc6 12.Bf3 O-O 13.a5 Nd7 14.Qd2 Qc7 15.Ne2 Nf6
16.Ng3 Rac8 17.c4 Rfe8 18.Rfc1 Qb8 19.b4 h5 20.Qd3 h4 21.Ne2 d5 22.cxd5 exd5
23.e5 Ne4 24.Qb3 Bf8 25.Nd4 Red8 26.e6 Be8 27.Rxc8 Qxc8 28.Rc1 Qb8 29.Bxe4 dxe4
30.Nf5 Rd3 31.Qc4 Qd8 32.Qxe4 Rd1+ 33.Rxd1 Qxd1+ 34.Kf2 Bc6 35.exf7+ Kh8
36.Qe8 Qc2+ 37.Ke1 Qb1+ 38.Kf2 Qb2+ 39.Ke1 Qb1+ 40.Kf2 Qb2+ 41.Ke1 Qb1+  1/2-1/2

[Event "ch-Urals Men 2012"]
[Site "Satka RUS"]
[Date "2012.03.29"]
[Round "6"]
[White "Gerasev,German"]
[Black "Mikhailov,V3"]
[Result "1/2-1/2"]
[WhiteElo "1825"]
[BlackElo "1972"]

1.e4 c5 2.Nf3 e6 3.d4 cxd4 4.Nxd4 Nc6 5.Nc3 d6 6.Be3 Nf6 7.Be2 Bd7 8.O-O a6
9.a4 Be7 10.Qd2 Qc7 11.f4 Na5 12.Rf3 Ng4 13.Nb3 Nxe3 14.Qxe3 Nxb3 15.cxb3 d5
16.Kh1 Bc5 17.Qd2 d4 18.Nd1 a5 19.Rc1 Rc8 20.Bc4 Qb6 21.Nf2 Bc6 22.Qe2 O-O
23.Rh3 h6 24.Ng4 Rfd8 25.Rd1 d3 26.Rhxd3 Rd4 27.Rxd4 Bxd4 28.h3 Rd8 29.Nh2 Bc5
30.Rxd8+ Qxd8 31.Nf3 Qd6 32.e5 Qd8 33.Kh2 Bxf3 34.Qxf3 Qd4 35.Kg3 Qxb2 36.Qe2 Qd4
37.Qf3 g5 38.Kg4 Be7 39.Bd3 gxf4 40.Qe4 Qxe4 41.Bxe4 b6  1/2-1/2

[Event "13th EICC"]
[Site "Plovdiv BUL"]
[Date "2012.03.30"]
[Round "10.72"]
[White "Popovic,Du"]
[Black "Arsovic,Z"]
[Result "0-1"]
[WhiteElo "2561"]
[BlackElo "2435"]

1.e4 c5 2.Nf3 e6 3.d4 cxd4 4.Nxd4 Nc6 5.Nc3 Qc7 6.Be3 a6 7.Qd2 Nf6 8.O-O-O Bb4
9.f3 O-O 10.a3 Be7 11.g4 b5 12.g5 Ne8 13.Nxc6 dxc6 14.Qf2 e5 15.h4 Rb8 16.Ba7 Rb7
17.Bc5 g6 18.Bh3 Ng7 19.Bxc8 Rxc8 20.b3 Ne6 21.Bxe7 Qxe7 22.Kb2 a5 23.a4 bxa4
24.Nxa4 Rcb8 25.Rd3 Rb4 26.Ra1 Nd4 27.f4 c5 28.Rc3 c4 29.Ra3 cxb3 30.cxb3 Nxb3  0-1

[Event "35th San Sebastian Open"]
[Site "Donostia ESP"]
[Date "2012.03.31"]
[Round "1"]
[White "Marchena Hurtado,A"]
[Black "Spraggett,K"]
[Result "0-1"]
[WhiteElo "1964"]
[BlackElo "2584"]

1.e4 c5 2.Nf3 e6 3.d4 cxd4 4.Nxd4 Nc6 5.Nc3 Qc7 6.Be2 Nf6 7.O-O Be7 8.Be3 O-O
9.f4 d6 10.Qe1 Nxd4 11.Bxd4 e5 12.fxe5 dxe5 13.Qg3 Re8 14.Kh1 Bd8 15.Be3 Kh8
16.Rad1 Be6 17.Rd2 a6 18.Rfd1 Be7 19.Bg5 b5 20.Bxf6 Bxf6 21.Nd5 Bxd5 22.exd5 Qd6
23.c3 Bd8 24.Qf3 Ra7 25.Bd3 g6 26.b3 f5 27.Qh3 e4 28.Be2 Bb6 29.c4 bxc4 30.bxc4 Rf7
31.Rb2 Bc5 32.Rdb1 Qe5 33.g3 Kg7 34.Rb3 Ree7 35.Rb8 e3 36.Qg2 f4  0-1

[Event "TCh-NED Meesterklasse 2011-12"]
[Site "Netherlands NED"]
[Date "2012.03.31"]
[Round "8.8"]
[White "Vandevoort,P"]
[Black "Wiersma,E"]
[Result "1-0"]
[WhiteElo "2406"]
[BlackElo "2391"]

1.e4 c5 2.Nc3 Nc6 3.Nge2 e6 4.d4 cxd4 5.Nxd4 Nf6 6.Ndb5 Bc5 7.Nd6+ Ke7 8.Nxc8+ Rxc8
9.Bd3 Qc7 10.f4 Bb4 11.O-O Bxc3 12.bxc3 e5 13.Qf3 d6 14.Qg3 Rhg8 15.Rb1 h6
16.Ba3 Nd7 17.Rb5 Nc5 18.fxe5 Nxe5 19.Bxc5 dxc5 20.Rxb7 Qxb7 21.Qxe5+ Kf8
22.Bc4 Qe7 23.Qd5 Rc7 24.Rxf7+ Qxf7 25.Qd8+ Qe8 26.Qxc7 Rh8 27.Qxc5+ Qe7
28.Qf5+ Ke8 29.Qb5+ Qd7 30.Qb8+ Qd8 31.Qe5+ Qe7 32.Bb5+ Kf7 33.Qf5+ Qf6 34.Bc4+ Ke7
35.Qc5+ Kd8 36.Qxa7 Qxc3 37.Qb8+ Kd7 38.Qb7+ Kd8 39.Qb6+ Kd7 40.Qe6+ Kd8
41.Qd6+ Ke8 42.Qe6+ Kd8 43.Qd5+ Kc7 44.Qc5+ Kd8 45.h3 Qe1+ 46.Kh2 Qxe4 47.Qd6+ Ke8
48.Bd3  1-0

[Event "TCh-NED Meesterklasse 2011-12"]
[Site "Netherlands NED"]
[Date "2012.03.31"]
[Round "8.1"]
[White "Pliester,L"]
[Black "Swinkels,R"]
[Result "0-1"]
[WhiteElo "2392"]
[BlackElo "2494"]

1.e4 c5 2.Nf3 e6 3.d4 cxd4 4.Nxd4 Nc6 5.Nc3 Qc7 6.Be2 a6 7.O-O Nf6 8.Be3 Bb4
9.Nxc6 bxc6 10.Na4 Be7 11.Bf3 Rb8 12.c4 c5 13.Re1 d6 14.Bg5 Nd7 15.Bxe7 Kxe7
16.Qd2 f6 17.Rac1 Ne5 18.Rc3 Bd7 19.Bd1 Qa5 20.f4 Nxc4 21.Qf2 Nxb2 22.Qg3 g6
23.Nxb2 Rxb2 24.e5 Bc6 25.Bc2 fxe5 26.fxe5 d5 27.Rf1 d4 28.Qg5+ Kd7 29.Rf7+ Kc8
30.Qe7 Re8 31.Rf8 Rxf8 32.Qxf8+ Kb7 33.Qe7+ Qc7 34.Qxc7+ Kxc7 35.Rxc5 Kb6
36.Rc4 Bb5 37.Rc8 Kb7 38.Rc5 d3 39.Rxb5+ axb5 40.Bxd3 Kb6  0-1

[Event "TCh-NED Meesterklasse 2011-12"]
[Site "Netherlands NED"]
[Date "2012.03.31"]
[Round "8.6"]
[White "Haast,A"]
[Black "Kabatianski,A"]
[Result "0-1"]
[WhiteElo "2264"]
[BlackElo "2410"]

1.e4 c5 2.Nf3 e6 3.d4 cxd4 4.Nxd4 Nc6 5.Nc3 Qc7 6.Be3 a6 7.Qd2 Nf6 8.O-O-O Bb4
9.f3 O-O 10.g4 b5 11.g5 Nh5 12.Kb1 Bb7 13.Nxc6 Bxc6 14.Be2 g6 15.a3 Ba5 16.Bc5 Rfc8
17.Bd6 Qb7 18.b4 Bc7 19.Rhf1 Bxd6 20.Qxd6 Qc7 21.f4 Qxd6 22.Rxd6 Ng7 23.Kb2 Ra7
24.Bf3 Rac7 25.Rf2 Kf8 26.h4 Ke7 27.Rd3 Bb7 28.Rfd2 Rh8 29.h5 h6 30.gxh6 Nxh5
31.Bxh5 gxh5 32.a4 bxa4 33.Nxa4 Bxe4 34.Rd4 Bc6 35.Nc5 Ra7 36.c4 Rxh6 37.Kc3 h4
38.Rh2 h3 39.Rd3 Bg2 40.b5 axb5 41.cxb5 Rh5 42.Kb4 d6 43.Nb3 Bf1  0-1

[Event "13th EICC"]
[Site "Plovdiv BUL"]
[Date "2012.03.31"]
[Round "11.139"]
[White "Hristodoulou,P"]
[Black "Manea,Al"]
[Result "0-1"]
[WhiteElo "2203"]
[BlackElo "2381"]

1.e4 c5 2.Nf3 e6 3.d4 cxd4 4.Nxd4 Nc6 5.Nc3 Qc7 6.Be3 Nf6 7.f4 Bb4 8.Nb5 Qa5
9.e5 Nd5 10.Bd2 Nxc3 11.bxc3 Bc5 12.c4 Qd8 13.Bd3 O-O 14.Qh5 g6 15.Qh6 f5
16.h4 Qe7 17.h5 g5 18.g4 fxg4 19.O-O-O Qg7 20.Qxg7+ Kxg7 21.fxg5 Nxe5 22.Bc3 d6
23.Rde1 Kg8 24.Rxe5 dxe5 25.Bxe5 Be3+ 26.Kb1 Bd7 27.g6 h6 28.Rh4 Bf4 29.Bc3 g3
30.Rh1 Be3 31.Bd4 g2 32.Re1 Bxd4 33.Nxd4 e5 34.Nb5 Bxb5 35.cxb5 e4 36.Bc4+ Kg7
37.Bf7 Rxf7 38.gxf7 Kxf7 39.Rg1 Rg8 40.Kc1 Ke6 41.Kd2 b6 42.Ke3 Kd5 43.Kf2 Kc4
44.a4 Kc3 45.Ke3 Rg4 46.Ke2 Kxc2 47.Ke3 Kc3 48.Ke2 Kb4 49.Kf2 Kxa4  0-1

[Event "European Senior Teams 2012"]
[Site "Rogaska Slatina SLO"]
[Date "2012.03.31"]
[Round "5.9"]
[White "Rooze,J"]
[Black "Titz,Hei"]
[Result "1/2-1/2"]
[WhiteElo "2325"]
[BlackElo "2206"]

1.e4 c5 2.Nf3 e6 3.d4 cxd4 4.Nxd4 Nc6 5.Nc3 Qc7 6.Be3 a6 7.Bd3 Nf6 8.O-O h5
9.h3 Nxd4 10.Bxd4 Bc5 11.Bxc5 Qxc5 12.Re1 d6 13.Qd2 Bd7 14.e5 dxe5 15.Qg5 Bc6
16.Rxe5 Qe7 17.Qe3 Rd8 18.a3 Nd5 19.Nxd5 Rxd5 20.Rxd5 Bxd5 21.Re1 O-O 22.Qe5 Qh4
23.Re3 f6 24.Qc7 f5 25.c4 Be4 26.Bxe4 fxe4 27.Rg3 Qf6 28.Qxb7 Qxf2+ 29.Kh2 Qd4
30.Qe7 Qe5 31.c5 Rf4 32.Qd6 Qxd6 33.cxd6 Rf5 34.Re3 Rd5 35.Rxe4 Rxd6 36.Kg3 Kf7
37.Kf3 g5  1/2-1/2

[Event "TCh-CZE Liga 1 Zapad"]
[Site "Czech Rep CZE"]
[Date "2012.04.01"]
[Round "11.1"]
[White "Rasik,V"]
[Black "Priehoda,V"]
[Result "1/2-1/2"]
[WhiteElo "2473"]
[BlackElo "2388"]

1.e4 c5 2.Nf3 e6 3.d4 cxd4 4.Nxd4 Nc6 5.Nc3 Qc7 6.Be3 a6 7.Qd2 Nf6 8.O-O-O Be7
9.f3 h5 10.Qf2 d6 11.h3 b5 12.Nxc6 Qxc6 13.Bd3 b4 14.Ne2 e5 15.g4 Be6 16.Kb1 d5
17.Ng3 g6 18.g5 d4 19.Bxd4 Nd7 20.Be3 Nc5 21.h4 O-O 22.f4 exf4 23.Qxf4 Nxd3
24.Rxd3 Rac8 25.Rd2 Rfd8 26.Rhd1 Bg4 27.Rxd8+ Bxd8 28.Rd2 Bc7 29.Qf2  1/2-1/2

[Event "European Senior Teams 2012"]
[Site "Rogaska Slatina SLO"]
[Date "2012.04.01"]
[Round "6.4"]
[White "Strobel,F"]
[Black "Rosino,A"]
[Result "1-0"]
[WhiteElo "2129"]
[BlackElo "2234"]

1.e4 c5 2.Nf3 e6 3.d4 cxd4 4.Nxd4 Nc6 5.Nc3 Qc7 6.g3 Nf6 7.Bg2 a6 8.O-O d6
9.Re1 Be7 10.Nxc6 bxc6 11.e5 dxe5 12.Rxe5 O-O 13.Re2 Rd8 14.Qe1 Bb7 15.Bf4 Bd6
16.Bxd6 Rxd6 17.Rd1 Rxd1 18.Qxd1 c5 19.Bxb7 Qxb7 20.Rd2 h5 21.Na4 c4 22.Rd4 Qc6
23.b3 cxb3 24.axb3 Rc8 25.c4 Ra8 26.Qd3 Rb8 27.Rd6 Qe4 28.Nc5 Qe1+ 29.Kg2 a5
30.Nd7 Nxd7 31.Rxd7 Qe5 32.h4 g6 33.Qf3 Qf5 34.Qe3 Rc8 35.Rd4 Qf6 36.Qd2 Rc5
37.Rd8+ Kg7 38.Ra8 Qe7 39.Qc3+ f6 40.Rxa5 Qb7+ 41.Kh2 Rxa5 42.Qxa5 Qxb3 43.Qc7+ Kf8
44.Qd8+ Kf7 45.Qd7+ Kf8 46.Qxe6 Qf3 47.Qe3 Qc6 48.Qh6+ Kf7 49.Qh7+ Ke6 50.Qxg6 Qf3
51.Qe8+ Kd6 52.Qe3 Qg4 53.Qb6+  1-0

[Event "European Senior Teams 2012"]
[Site "Rogaska Slatina SLO"]
[Date "2012.04.01"]
[Round "6.5"]
[White "Malmdin,N"]
[Black "Stebbings,A"]
[Result "1/2-1/2"]
[WhiteElo "2306"]
[BlackElo "2241"]

1.e4 c5 2.Nf3 e6 3.Nc3 Nc6 4.d4 cxd4 5.Nxd4 Qc7 6.Be3 a6 7.Bd3 Nf6 8.O-O Ne5
9.Nf3 Nfg4 10.Nxe5 Nxe3 11.Qh5 g6 12.Qf3 Qxe5 13.fxe3 f6 14.Qxf6 Qxf6 15.Rxf6 Bg7
16.Rf3 b5 17.Raf1 Bb7 18.Nd1 b4 19.b3 Bc6 20.Nf2 a5 21.Ng4 Bc3 22.Nh6 Ke7
23.Rf7+ Kd6 24.Kf2 a4 25.Ke2 axb3 26.axb3 Rae8 27.g4 Ra8 28.R7f4 Ke7 29.g5 Raf8
30.Rf7+ Rxf7 31.Rxf7+ Ke8 32.h4 Be5 33.Rf3 Rf8 34.Ng4 Rxf3 35.Kxf3 Bc3 36.Kf4 Kf7
37.e5 Be1 38.Nf6 Bxh4 39.Nxh7 Kg7 40.Nf6 Kf7 41.Be4 Bb5 42.Bb7 Ke7 43.Ne4 Be1
44.Nd6 Be2 45.Be4 Bh5 46.Nb7 Bc3 47.Nd6 Bd2 48.Nc4 Be1 49.Bf3 Bxf3 50.Kxf3 Bc3
51.Ke4 Ba1 52.Nd6 Bb2 53.Nb5 Ba1 54.Nd4 Bc3 55.Kd3 Kd8 56.Ke4 Ke7 57.Ne2 Bd2
58.Kd3 Be1 59.c3 Bh4 60.cxb4 Bxg5 61.Nf4 Kf7 62.b5 Bd8 63.Ke4 Bb6 64.Nh3 Ke7
65.Nf4 g5 66.Ne2 d6 67.Nd4 g4 68.exd6+ Kxd6 69.b4 g3 70.Kf3 Kd5 71.Kxg3 Ke4
72.Kf2 e5 73.Nb3 Kd3 74.Nc5+ Kc4 75.Kf3 Kxb4 76.Nd3+ Kxb5 77.Ke4 Bxe3 78.Kxe5  1/2-1/2

[Event "European Senior Teams 2012"]
[Site "Rogaska Slatina SLO"]
[Date "2012.04.02"]
[Round "7.9"]
[White "Van Herck,M"]
[Black "Kanko,I"]
[Result "0-1"]
[WhiteElo "2097"]
[BlackElo "2250"]

1.e4 c5 2.Nf3 e6 3.d4 cxd4 4.Nxd4 Nc6 5.Nc3 Qc7 6.g3 a6 7.Bg2 Nf6 8.O-O d6
9.Re1 Bd7 10.Nxc6 Bxc6 11.Nd5 Bxd5 12.exd5 e5 13.Qe2 Be7 14.f4 O-O 15.fxe5 dxe5
16.Bg5 Rac8 17.Bh3 Rce8 18.Bxf6 Bxf6 19.c4 e4 20.Rab1 Bd4+ 21.Kh1 f5 22.Red1 Qe5
23.Qd2 Ba7 24.d6 e3 25.Qd5+ Qxd5+ 26.Rxd5 e2 27.Re1 Bf2  0-1

[Event "ch-DEN 2012"]
[Site "Helsingor DEN"]
[Date "2012.04.03"]
[Round "4"]
[White "Pilgaard,K"]
[Black "Rasmussen,A"]
[Result "1/2-1/2"]
[WhiteElo "2424"]
[BlackElo "2505"]

1.e4 c5 2.Nf3 e6 3.d4 cxd4 4.Nxd4 Nc6 5.Nc3 Qc7 6.g3 a6 7.Bg2 h5 8.Nxc6 bxc6
9.O-O h4 10.Re1 hxg3 11.hxg3 e5 12.Na4 d6 13.c4 Be6 14.b3 Nf6 15.Bg5 Be7
16.Rc1 Rd8 17.Rc2 Nd7 18.Be3 O-O 19.Qe2 Nc5  1/2-1/2

[Event "European Senior Teams 2012"]
[Site "Rogaska Slatina SLO"]
[Date "2012.04.03"]
[Round "8.13"]
[White "Arp,F"]
[Black "Quinn,Joh"]
[Result "1-0"]
[WhiteElo "2070"]
[BlackElo "2121"]

1.e4 c5 2.Nf3 e6 3.d4 cxd4 4.Nxd4 Nc6 5.Nc3 Qc7 6.Be3 a6 7.Be2 Nf6 8.O-O Bb4
9.Nxc6 bxc6 10.f3 O-O 11.g4 d5 12.g5 Nd7 13.f4 e5 14.exd5 Bxc3 15.d6 Qa5
16.bxc3 Qxc3 17.Qd3 Qxd3 18.Bxd3 exf4 19.Bxf4 Nc5 20.Rad1 Be6 21.Be2 Rfd8
22.Bf3 Bxa2 23.Bxc6 Rac8 24.Bg2 Rd7 25.h4 a5 26.Ra1 Bc4 27.Rfe1 Ne6 28.Bg3 Rc5
29.Ra4 f6 30.Rxc4 Rxc4 31.Bd5  1-0

[Event "European Senior Teams 2012"]
[Site "Rogaska Slatina SLO"]
[Date "2012.04.03"]
[Round "8.2"]
[White "Faibisovich,V"]
[Black "Titz,Hei"]
[Result "1-0"]
[WhiteElo "2377"]
[BlackElo "2206"]

1.e4 c5 2.Nf3 e6 3.d4 cxd4 4.Nxd4 Nc6 5.Nc3 Qc7 6.g3 a6 7.Bg2 Nf6 8.O-O Nxd4
9.Qxd4 Bc5 10.Bf4 d6 11.Qd2 h6 12.Be3 Bxe3 13.Qxe3 e5 14.Rfd1 Be6 15.Rd2 O-O
16.Rad1 Rfd8 17.h3 b5 18.a3 Bc8 19.Rd3 Kf8 20.Qd2 Ke7 21.f4 Bb7 22.Kh2 Rac8
23.Bf3 Qb6 24.g4 exf4 25.Qxf4 Rc5 26.Qg3 Re5 27.Rd4 Qc5 28.Bg2 a5 29.b4 axb4
30.axb4 Qb6 31.Rxd6 Rxd6 32.Qxe5+ Re6 33.Qxb5 Qxb5 34.Nxb5 Bxe4 35.Nd4 Re5
36.c4 Bxg2 37.Kxg2 Re4 38.Kf3 g6 39.c5 Kd7 40.b5 Kc7 41.b6+ Kb7 42.Rd3 g5
43.Nf5 Rf4+ 44.Ke2 Ne4 45.Rd7+ Kb8 46.c6  1-0

[Event "Semana Santa LAB Open"]
[Site "Bogota COL"]
[Date "2012.04.04"]
[Round "1"]
[White "Jaramillo Ochoa,M"]
[Black "Gomez Calderon,V"]
[Result "1-0"]
[WhiteElo "1963"]
[BlackElo "1825"]

1.e4 c5 2.Nf3 Nc6 3.d4 cxd4 4.Nxd4 e6 5.Nc3 a6 6.Be3 Qc7 7.Qd2 Nf6 8.O-O-O Bb4
9.f3 Nxd4 10.Qxd4 Bxc3 11.bxc3 O-O 12.g4 e5 13.Qd2 b5 14.h4 Rd8 15.h5 Bb7
16.g5 Ne8 17.c4 bxc4 18.Qb4 d5 19.Bb6 Qd6 20.Qa5 Rdc8 21.exd5 e4 22.fxe4 Qf4+
23.Qd2 Qxe4 24.Bg2 Qe5 25.Bd4 Qd6 26.Qc3 Qf4+ 27.Be3 Qd6 28.h6 Rab8 29.hxg7 Nxg7
30.Be4 Ba8 31.Rxh7  1-0

[Event "Semana Santa LAB Open"]
[Site "Bogota COL"]
[Date "2012.04.04"]
[Round "2"]
[White "Corredor Castellanos,Camilo"]
[Black "Aldana,Boris Eugenio"]
[Result "1-0"]
[WhiteElo "1858"]
[BlackElo "1636"]

1.e4 c5 2.Nf3 e6 3.d4 cxd4 4.Nxd4 Nc6 5.Nc3 a6 6.Be3 d6 7.Be2 Nf6 8.O-O Be7
9.Qd2 O-O 10.Rad1 Qc7 11.f4 Na5 12.Bf3 Nc4 13.Qc1 Nxe3 14.Qxe3 e5 15.fxe5 dxe5
16.Nb3 Be6 17.Kh1 Bc4 18.Be2 Be6 19.h3 b5 20.a3 Rfd8 21.Qf3 Qb6 22.Nd5 Qa7
23.Qg3 Bxd5 24.exd5 Nxd5 25.Rxd5 Rxd5 26.Bf3 Rad8 27.Bxd5 Rxd5 28.Qf3 Rd8
29.Qxf7+ Kh8 30.Na5 Qc5 31.Nb7 Qc7 32.Nxd8 Qxd8  1-0

[Event "35th San Sebastian Open"]
[Site "Donostia ESP"]
[Date "2012.04.04"]
[Round "6"]
[White "Argandona Riveiro,I"]
[Black "Diaz Herrero,A"]
[Result "1/2-1/2"]
[WhiteElo "2388"]
[BlackElo "2132"]

1.e4 c5 2.Nf3 e6 3.d4 cxd4 4.Nxd4 Nc6 5.Nc3 Qc7 6.Be3 a6 7.Qd2 Nf6 8.O-O-O Bb4
9.f3 b5 10.Qe1 O-O 11.Nxc6 Qxc6 12.e5 Bxc3 13.Qxc3 Qxc3 14.bxc3 Nd5 15.Bd4 Bb7
16.Kd2 d6 17.exd6 Rfd8 18.c4 Rxd6 19.cxd5 Rxd5 20.Kc1 Rad8 21.a4 h6 22.axb5 axb5
23.Be2 Rxd4 24.Bxb5 g5 25.c3 Rxd1+ 26.Rxd1 Rxd1+ 27.Kxd1 Kf8 28.Ke2 Ke7 29.g3 Kd6
30.Ke3 f5 31.Bd3 Ke5  1/2-1/2